000
00325nam a2200121 4500
999
_c
11817
_d
11817
003
OSt
005
20230802171911.0
008
230802b ||||| |||| 00| 0 eng d
100
_d
L R Vagale
245
_a
Report of habitat united nations conference of human settlements
260
_a
New York
_b
United nations
942
_2
ddc